La coeducation dans les écoles mixtes.

Guardado en:
Bibliografiske detaljer
Hovedforfatter: Breuse, Edouard (autor)
Andre forfattere: Guerrero H., Luis, an (autor) an, (autor)
Format: Ukendt
Sprog:fransk
Fag:
Online adgang:Ver documento en línea
Tags: Tilføj Tag
Ingen Tags, Vær først til at tagge denne postø!

MARC

LEADER 00000c**#a2200000ua#4500
001 000499046
003 DLC
005 20260414000000.0
008 070820c^^^^9999^^^^r1^^^^^^^^0^^^^0spa^d
009 20260414094055.011
022 |a 01851284 
035 |a FCE 000043091 
037 |a Acervo ITESO - Biblioteca 
041 |a FRA 
095 |a RLEE  |b 72-2-184 
100 |a Breuse, Edouard  |e (autor) 
245 1 4 |a La coeducation dans les écoles mixtes. 
264 |a México :  |b Centro de Estudios Educativos,  |c 1972. 
336 |a texto  |b txt  |2 rdacontenido 
337 |a sin mediación  |b n  |2 rdamedio 
338 |a volumen  |b nc  |2 rdasoporte 
649 |a XX 
650 |a Coeducación 
650 |a Reseña 
650 |a Educación mixta 
740 |g vol. 2, no. 2, 1972, pp. 184-185.  |t Revista Latinoamericana de Estudios Educativos. Libros, 
700 |a Guerrero H., Luis,  |e an  |e (autor) 
856 4 0 |u https://www.cee.edu.mx/rlee/revista/r1971_1980/r_texto/t_1972_2_12c_a.pdf  |y Ver documento en línea 
910 |a Fondo Centro de Estudios Educativos 
920 |a Impresos - Libros 
930 |a Fondos Especiales 
905 |a 133 
902 |a https://opac.biblio.iteso.mx/vufind/Record/000499046